Morphosyntax of verb movement : a minimalist approach to the syntax of Dutch
| Published in: | Studies in natural language and linguistic theory |
|---|---|
| Main Author: | |
| Content type: | Book |
| Published: |
Dordrecht [etc.]:
Kluwer
1997
|
| Series: | Studies in natural language and linguistic theory ; 39 |
| Source: | MPIPL_cat |
| _version_ | 1863687009025916928 |
|---|---|
| author | Zwart, C. Jan-Wouter |
| author_facet | Zwart, C. Jan-Wouter |
| author_search | Zwart, C. Jan-Wouter |
| author_sort | Zwart, C. Jan-Wouter |
| author_variant | c j w z cjw cjwz |
| callnumber-first | 210-Zwa/1 |
| callnumber-label | 210-ZWA/1 |
| callnumber-raw | 210-ZWA/1 |
| callnumber-search | 210-ZWA/1 |
| collection_details | MPIPL |
| container_title | Studies in natural language and linguistic theory |
| dedup_id_str | MPIPL_cat.PL0074313 |
| dewey-hierarchy | 0/[Unassigned]/ |
| dewey-hierarchy_str | 0/[Unassigned]/ |
| first_indexed | 2026-03-14T00:40:21Z |
| format | 0/Buch/ |
| format_str | 0/Buch/ |
| fullrecord | <?xml version="1.0" encoding="UTF-8"?>
<collection xmlns:xsi="http://www.w3.org/2001/XMLSchema-instance" xsi:schemaLocation="http://www.loc.gov/MARC21/slim http://www.loc.gov/standards/marcxml/schema/MARC21slim.xsd" xmlns="http://www.loc.gov/MARC21/slim">
<record>
<leader>00000cam a2200000 ub4500</leader>
<controlfield tag="001">PL0074313</controlfield>
<controlfield tag="003">PLI01000000000000000072277</controlfield>
<controlfield tag="005">00000000000000.0</controlfield>
<controlfield tag="008"> ||| u </controlfield>
<datafield tag="020" ind1=" " ind2=" ">
<subfield code="a">0-7923-4264-X</subfield>
</datafield>
<datafield tag="020" ind1=" " ind2=" ">
<subfield code="a">9780792342649</subfield>
</datafield>
<datafield tag="090" ind1=" " ind2=" ">
<subfield code="a">210-Zwa/1</subfield>
</datafield>
<datafield tag="100" ind1="1" ind2=" ">
<subfield code="a">Zwart, C. Jan-Wouter</subfield>
</datafield>
<datafield tag="245" ind1="0" ind2="0">
<subfield code="a">Morphosyntax of verb movement</subfield>
<subfield code="b">a minimalist approach to the syntax of Dutch</subfield>
<subfield code="c">by C. Jan-Wouter Zwart</subfield>
</datafield>
<datafield tag="260" ind1=" " ind2=" ">
<subfield code="a">Dordrecht [etc.]</subfield>
<subfield code="b">Kluwer</subfield>
<subfield code="c">1997</subfield>
</datafield>
<datafield tag="300" ind1=" " ind2=" ">
<subfield code="a">VIII, 317 p.</subfield>
</datafield>
<datafield tag="730" ind1="0" ind2=" ">
<subfield code="a">a minimalist approach</subfield>
</datafield>
<datafield tag="989" ind1=" " ind2=" ">
<subfield code="a">99-07</subfield>
</datafield>
<datafield tag="490" ind1="0" ind2=" ">
<subfield code="a">Studies in natural language and linguistic theory</subfield>
<subfield code="v">39</subfield>
</datafield>
<datafield tag="830" ind1=" " ind2="0">
<subfield code="w">PL0000540</subfield>
</datafield>
<datafield tag="500" ind1=" " ind2=" ">
<subfield code="a">The book is a 2nd version of his dissertation: Dutch syntax : a minimalist approach (University of Groningen, 1993)</subfield>
</datafield>
<datafield tag="852" ind1=" " ind2=" ">
<subfield code="c">210-Zwa/1</subfield>
<subfield code="m">BOOK</subfield>
</datafield>
</record>
</collection>
|
| hierarchy_parent_id | MPIPL_cat.PL0000540 |
| hierarchy_parent_title | Studies in natural language and linguistic theory |
| id | MPIPL_cat.PL0074313 |
| illustrated | Not Illustrated |
| institution | MPIPL_cat |
| institution_str | MPIPL_cat |
| isbn | 9780792342649 0-7923-4264-X |
| language | und |
| language_str | und |
| last_indexed | 2026-04-27T23:41:51Z |
| local_fields | 99-07 |
| online | false |
| online_MPIPL_cat | false |
| online_str | false |
| physical | VIII, 317 p. |
| publishDate | 1997 |
| publishDate_str | 1997 |
| publisher | Kluwer |
| record_format | marc |
| series | Studies in natural language and linguistic theory |
| signature_search | 210-Zwa/1 |
| spelling | Zwart, C. Jan-Wouter Morphosyntax of verb movement a minimalist approach to the syntax of Dutch by C. Jan-Wouter Zwart Dordrecht [etc.] Kluwer 1997 VIII, 317 p. a minimalist approach Studies in natural language and linguistic theory 39 PL0000540 The book is a 2nd version of his dissertation: Dutch syntax : a minimalist approach (University of Groningen, 1993) |
| spellingShingle | Zwart, C. Jan-Wouter Morphosyntax of verb movement : a minimalist approach to the syntax of Dutch Studies in natural language and linguistic theory |
| title | Morphosyntax of verb movement : a minimalist approach to the syntax of Dutch |
| title_alt | a minimalist approach |
| title_full | Morphosyntax of verb movement a minimalist approach to the syntax of Dutch by C. Jan-Wouter Zwart |
| title_fullStr | Morphosyntax of verb movement a minimalist approach to the syntax of Dutch by C. Jan-Wouter Zwart |
| title_full_unstemmed | Morphosyntax of verb movement a minimalist approach to the syntax of Dutch by C. Jan-Wouter Zwart |
| title_search | Morphosyntax of verb movement a minimalist approach to the syntax of Dutch Studies in natural language and linguistic theory a minimalist approach |
| title_short | Morphosyntax of verb movement |
| title_sort | morphosyntax of verb movement a minimalist approach to the syntax of dutch by c jan wouter zwart |
| title_sub | a minimalist approach to the syntax of Dutch |